000 00429nmm a2200145Ia 4500
008 251105s9999||||xx |||||||||||||||||und||
041 _aspa
100 _aRoa, Sebastian
245 0 _aLas cadenas del destino :
_b Trilogía Almohade 3
264 _a[Madrid, España] :
_bEdiciones B,
_c2016
300 _a800 páginas
650 _aHistorical fiction
856 _uhttps://public.digitaliapublishing.com/a/54379
942 _cCF
999 _c105802
_d105802